000 00200nam a2200073Ia 4500
008 170617s9999 xx 000 0 und d
100 _aMohammed Ali
245 0 _aTextbook of Pharmaceutical Chemistry -Organic
260 _bMumbai-Source
999 _c14859
_d14859